Statistics for Count to 10 in Europe Quiz

Click here to take the quiz!

General Stats

  • This quiz has been taken 80,262 times
  • The average score is 19 of 30

Answer Stats

Language # Word % Correct
French1Un
98%
Spanish1Uno
95%
Spanish3Tres
92%
Spanish2Dos
91%
Spanish5Cinco
71%
French3Trois
71%
French2Deux
70%
Spanish8Ocho
69%
French5Cinq
65%
Spanish6Seis
64%
French4Quatre
63%
Spanish9Nueve
63%
Spanish7Siete
62%
French9Neuf
61%
French7Sept
61%
German3Drei
60%
French10Dix
59%
French6Six
59%
Spanish4Cuatro
59%
French8Huit
57%
Spanish10Diez
55%
German2Zwei
55%
German1Eins
53%
German5Fünf
52%
German8Acht
49%
German7Sieben
48%
German4Vier
47%
German9Neun
46%
German6Sechs
44%
German10Zehn
41%

Score Distribution

Percentile by Number Answered

Percent of People with Each Score

Your Score History

You have not taken this quiz